Encyclopedia of polymer science and engineering : V.12 : polyesters to polypeptide synthesis.

में बचाया:
ग्रंथसूची विवरण
स्वरूप: पुस्तक
भाषा:English
प्रकाशित: New York : John Wiley and Sons, 1985-1990.
संस्करण:2nd ed.
विषय:
टैग : टैग जोड़ें
कोई टैग नहीं, इस रिकॉर्ड को टैग करने वाले पहले व्यक्ति बनें!
Thư viện lưu trữ: Mạng thư viện Đại học Đà Nẵng
LEADER 01244cam a2200373 i 4500
001 000045741
003 4936
005 20030313163039.0
008 010220|1985 vm 000 eng
020 |a 0471809446 (v.12) 
040 |a IRC  |c IRC  |d IRC 
041 0 |a eng 
082 1 4 |a 668.903  |b En-P 
245 0 0 |a Encyclopedia of polymer science and engineering :  |n V.12 :  |p polyesters to polypeptide synthesis. 
250 |a 2nd ed. 
260 |a New York :  |b John Wiley and Sons,  |c 1985-1990. 
300 |a v. 1-17 ; v.12: xxvi, 858p. :  |b ill. ; +  |e 1 supplement + 3 indexes. 
630 0 4 |a Dictionaries. 
630 0 4 |a Polymerization. 
630 0 4 |a Polymers. 
650 0 4 |a Polymerization  |v Dictionaries. 
650 0 4 |a Polymers  |v Dictionaries. 
OWN |a DUT 
AVA |a UDN50  |b DUT  |c Book  |d 668.903 En-P  |e available  |t Error 5001 Not defined in file expand_doc_bib_avail.  |f 1  |g 0  |h N  |i 0  |j SH  |k 1 
999 |a From the UDN01 
AVA |a UDN50  |b DUT  |c Book  |d 668.903 En-P  |e available  |t Error 5001 Not defined in file expand_doc_bib_avail.  |f 1  |g 0  |h N  |i 0  |j SH  |k 1 
TYP |a Monograph 
TYP |a Printed language 
980 |a Mạng thư viện Đại học Đà Nẵng